书目信息 |
| 题名: |
科技文献资料的检索途径与查阅方法
|
|
| 作者: | 郭成勋 编著 | |
| 分册: | ||
| 出版信息: | 轻工业出版社 1989 |
|
| 页数: | 184页 | |
| 开本: | 20cm | |
| 丛书名: | ||
| 单 册: | ||
| 中图分类: | G354.2 | |
| 科图分类: | ||
| 主题词: | 情报学 , 情报工作 | |
| 电子资源: | ||
| ISBN: | ||
| 000 | 00580nam0 2200193 450 | |
| 001 | 0634118671 | |
| 005 | 20060810095625.21 | |
| 010 | @dCNY2.50 | |
| 100 | @a20060810d1989 km y0chiy0120 ea | |
| 101 | 0 | @achi |
| 200 | 1 | @a科技文献资料的检索途径与查阅方法@Ake ji wen xian zi liao de jian suo tu jing yu cha yue fang fa@f郭成勋编著@Fguo cheng xun bian zhu |
| 210 | @c轻工业出版社@d1989 | |
| 215 | @a184页@c表格@d20cm | |
| 606 | 0 | @a情报学 |
| 606 | 0 | @a情报工作 |
| 690 | @aG354.2@v3 | |
| 701 | 0 | @a郭成勋@Aguo cheng xun@4编著 |
| 801 | 0 | @aCN@bPFT@c20060810 |
| 905 | @a10447@dG354.2@e102 | |
| 科技文献资料的检索途径与查阅方法/郭成勋编著.-轻工业出版社,1989 |
| 184页:表格;20cm |
| ISBN :CNY2.50 |
| ● |
| 相关链接 |
|
|
|
|
正题名:科技文献资料的检索途径与查阅方法
索取号:G354.2/102
 
预约/预借
| 序号 | 登录号 | 条形码 | 馆藏地/架位号 | 状态 | 备注 |
| 1 | 0448310 | 204483102 | 密集书库/ [索取号:G354.2/102] | 在馆 | |
| 2 | 0448341 | 204483415 | 密集书库/ [索取号:G354.2/102] | 在馆 |